000 01075cam a22002894a 4500
999 _c128115
_d128115
001 17161797
003 ARRUPE
005 20180906111031.0
008 120213s2012 caua b 001 0 eng
010 _a 2012005728
020 _a9780470651728 (cloth)
040 _aDLC
_cDLC
_dDLC
042 _apcc
050 0 0 _aHD57.7
_b.K68 2012
082 0 0 _a658.4/092
_223
100 1 _aKouzes, James M.,
_d1945-
_942025
245 1 4 _aThe leadership challenge :
_bhow to make extraordinary things happen in organizations /
_cJames M. Kouzes, Barry Z. Posner.
250 _a5th ed.
260 _aSan Francisco, CA :
_bJossey-Bass,
_cc2012.
300 _axiii, 394 p. :
_bill. ;
_c24 cm.
504 _aIncludes bibliographical references and index.
650 0 _aLeadership.
_96573
650 0 _aExecutive ability.
_940566
650 0 _aManagement.
_923446
700 1 _aPosner, Barry Z.
_942026
906 _a7
_bcbc
_corignew
_d1
_eecip
_f20
_gy-gencatlg
942 _2lcc
_cMONOGRAPH